000 00291nam a22001217a 4500
008 170427b xxu||||| |||| 00| 0 eng d
041 _aeng
080 _a050
100 _a26
101 _aSHJ
245 _aAMERICAN JURISPRUDENCE PLEADING AND PRACTICE FORMS
_cPALMER, J.J
942 _2udc
_cBK
999 _c12265
_d12265